000
00324nam a22001217a 4500
040
_c
SY
082
_a
623
100
_a
ឡោ លីតួ
245
_a
យន្តកម្មសម្រាប់ការអភិវឌ្ឍន៍ធនធានទឹក
260
_a
RUA
_b
ឡោ
_c
2011
300
_a
56p.
942
_c
KB
999
_c
9085
_d
9085